[Event "Elitserien(Passanten-Astorp)"]
[Site "?"]
[Date "2004.??.??"]
[Round "1"]
[White "Sjodahl, Pontus"]
[Black "Sandstrom, Ludvig"]
[Result "1-0"]
[WhiteElo "2435"]
[BlackElo "2392"]
[PlyCount "147"]

1. d4 g6 2. e4 Bg7 3. c4 d6 4. Nc3 Nf6 5. f3 O-O 6. Be3 Nbd7 7. Nh3 a6 8. Nf2
c5 9. Be2 cxd4 10. Bxd4 e6 11. O-O Qc7 12. Rc1 b6 13. Qd2 Bb7 14. Rfd1 Rfe8 15.
Be3 Bf8 16. g4 h5 17. g5 Nh7 18. f4 Rad8 19. Bf3 Qb8 20. Qe2 Bc6 21. a3 Qb7 22.
b4 b5 23. a4 Rb8 24. axb5 axb5 25. cxb5 Bxb5 26. Nxb5 Qxb5 27. Qxb5 Rxb5 28.
Bd2 Rb7 29. Rc6 Be7 30. h4 Nb8 31. Rc2 Na6 32. Nd3 Nf8 33. Rdc1 Bd8 34. Rc6 Nc7
35. Kg2 Nb5 36. Be3 Nd7 37. Rc8 Kf8 38. f5 e5 39. f6 Nb6 40. R8c6 Nd7 41. Rc8
Bb6 42. Rxe8+ Kxe8 43. Rc8+ Bd8 44. Bd1 Rc7 45. Ra8 Rc3 46. Be2 Rc2 47. Kf3 Nc3
48. Nc1 Nxe2 49. Nxe2 Rb2 50. Ra4 Nb6 51. Bxb6 Bxb6 52. Ra3 Kd7 53. Nc3 Bd4 54.
Nb5 Rxb4 55. Nxd4 exd4 56. Ra7+ Kc6 57. Rxf7 d3 58. Ra7 d2 59. Ra1 Kd7 60. Ke3
Ke6 61. Rf1 Kf7 62. Kd3 Ra4 63. Rb1 Rb4 64. Rd1 Rb3+ 65. Kd4 Rh3 66. Rxd2 Rxh4
67. Ra2 Rg4 68. Ra7+ Kf8 69. Kd5 Rxg5+ 70. Kxd6 Rb5 71. e5 Rb6+ 72. Kc5 Rb8 73.
e6 g5 74. Rh7 1-0

[Event "Elitserien(Passanten-Astorp)"]
[Site "?"]
[Date "2004.??.??"]
[Round "1"]
[White "Cramling, Dan"]
[Black "Ivarsson, Stefan"]
[Result "1/2-1/2"]
[WhiteElo "2408"]
[BlackElo "2280"]
[PlyCount "54"]

1. c4 f5 2. Nf3 Nf6 3. g3 g6 4. Bg2 Bg7 5. O-O O-O 6. Nc3 d6 7. d4 Nc6 8. b3
Ne4 9. Bb2 Nxc3 10. Bxc3 e5 11. dxe5 dxe5 12. Qd5+ Kh8 13. Qxd8 Rxd8 14. Ng5
Re8 15. Bxc6 bxc6 16. Rfd1 Kg8 17. Nf3 f4 18. gxf4 exf4 19. Bxg7 Kxg7 20. Nd4
Kf6 21. Rd2 Re5 22. f3 Bh3 23. Kf2 Rd8 24. Rad1 Rg5 25. e4 Rg2+ 26. Ke1 Rg1+
27. Ke2 Rg2+ 1/2-1/2

[Event "Elitserien(Passanten-Astorp)"]
[Site "?"]
[Date "2004.??.??"]
[Round "1"]
[White "Tallinger, Thomas"]
[Black "Larsson, Per"]
[Result "0-1"]
[WhiteElo "2202"]
[BlackElo "2344"]
[PlyCount "78"]

1. e4 c6 2. d4 d5 3. exd5 cxd5 4. Bd3 Nc6 5. c3 Nf6 6. Bf4 Bg4 7. Qb3 Qc8 8.
Nd2 e6 9. h3 Bh5 10. Ngf3 Be7 11. O-O O-O 12. Rae1 Bg6 13. Bxg6 hxg6 14. Ne5
Nd7 15. Nd3 a6 16. Qd1 b5 17. a3 a5 18. b4 axb4 19. axb4 Ra3 20. Nb3 Qa6 21.
Bc1 Ra2 22. Bb2 Ra8 23. Qb1 Ra4 24. Nf4 Nf8 25. Qc2 Qc8 26. Qd3 Bd6 27. Bc1 Qb8
28. g3 Nd7 29. Nc5 Bxc5 30. dxc5 Nde5 31. Qd1 Ra1 32. Nd3 Nc4 33. Qg4 Qc8 34.
h4 e5 35. Qxc8+ Rxc8 36. Rd1 f6 37. Be3 Ra3 38. Rc1 d4 39. cxd4 exd4 0-1

[Event "Elitserien(Passanten-Astorp)"]
[Site "?"]
[Date "2004.??.??"]
[Round "1"]
[White "Sanden, Stefan"]
[Black "Josefsson, Kenneth"]
[Result "1-0"]
[WhiteElo "2324"]
[BlackElo "2007"]
[PlyCount "143"]

1. e4 e5 2. Nf3 Nc6 3. Bb5 a6 4. Ba4 d6 5. O-O Bd7 6. c3 Nf6 7. Re1 Qe7 8. d4
g6 9. Nbd2 Bg7 10. Nf1 O-O 11. Ng3 Qe8 12. Bc2 Kh8 13. h3 Rd8 14. Bg5 h6 15.
Be3 Ng8 16. Qe2 Nce7 17. dxe5 dxe5 18. Bc5 Be6 19. Bb3 Qc6 20. Bxe6 Qxe6 21. b3
Rd7 22. Ba3 Rfd8 23. Rad1 Kh7 24. Rxd7 Qxd7 25. Nf1 Qd3 26. Qxd3 Rxd3 27. Re3
Rd7 28. Re2 Nc6 29. Rd2 Rxd2 30. N1xd2 Nf6 31. Kf1 Kg8 32. Ke2 Bf8 33. Bb2 Bd6
34. c4 Nd7 35. Ne1 f6 36. Nd3 Nc5 37. Nxc5 Bxc5 38. f3 Nd4+ 39. Kd3 Ne6 40. g3
Bf2 41. Nf1 h5 42. Ke2 Bc5 43. h4 Nd4+ 44. Bxd4 Bxd4 45. g4 g5 46. hxg5 h4 47.
gxf6 Kf7 48. g5 Kg6 49. f4 exf4 50. Nh2 h3 51. Nf3 Bg1 52. Kf1 Bc5 53. a3 a5
54. b4 axb4 55. axb4 Bxb4 56. Kg1 c6 57. Kh2 b5 58. cxb5 cxb5 59. Kxh3 Bc3 60.
Kg4 b4 61. Nh4+ Kf7 62. Kf5 b3 63. g6+ Kg8 64. g7 b2 65. Ng6 Kf7 66. Ne7 Bxf6
67. g8=Q+ Kxe7 68. Qb3 Bc3 69. e5 f3 70. Qb7+ Kd8 71. Ke6 b1=Q 72. Qd7# 1-0

[Event "Elitserien(Passanten-Astorp)"]
[Site "?"]
[Date "2004.??.??"]
[Round "1"]
[White "Petersson, Gosta"]
[Black "Lundin, Anders"]
[Result "0-1"]
[WhiteElo "2094"]
[BlackElo "2219"]
[PlyCount "70"]

1. c4 c5 2. Nc3 Nf6 3. g3 e6 4. Bg2 d5 5. d3 d4 6. Ne4 Nxe4 7. dxe4 e5 8. Nf3
Nc6 9. O-O Be7 10. Ne1 h5 11. f4 h4 12. Nd3 hxg3 13. hxg3 exf4 14. gxf4 Bh3 15.
Bxh3 Rxh3 16. Kg2 Qd7 17. f5 Rh4 18. Rf4 Rh7 19. Rf1 O-O-O 20. Rh1 Rdh8 21.
Rxh7 Rxh7 22. Qf1 Bd6 23. Bf4 g5 24. Bxd6 Qxd6 25. Kf2 Rh2+ 26. Ke1 Qg3+ 27.
Kd1 Qh4 28. Kd2 Qxe4 29. Nxc5 Qe3+ 30. Kd1 d3 31. Nxd3 Nd4 32. Nc1 g4 33. a4 g3
34. Ra3 Qf2 35. Qe1 Qxe1+ 0-1

[Event "Elitserien(Passanten-Astorp)"]
[Site "?"]
[Date "2004.??.??"]
[Round "1"]
[White "Johansson, Carl-Fredrik"]
[Black "Dalso, Harry"]
[Result "1-0"]
[WhiteElo "2213"]
[BlackElo "2026"]
[PlyCount "99"]

1. d4 Nf6 2. c4 d6 3. Nc3 Nbd7 4. e4 e5 5. Nf3 Be7 6. Be2 O-O 7. O-O c6 8. Re1
a6 9. a3 b5 10. h3 Ne8 11. Be3 Nc7 12. Qd2 Rb8 13. b4 Bf6 14. Rac1 Bb7 15. d5
cxd5 16. cxd5 Be7 17. g4 Na8 18. Qa2 Nab6 19. a4 bxa4 20. Nxa4 Nxa4 21. Qxa4
Nf6 22. Nd2 Re8 23. Rc2 Rc8 24. Rec1 Rxc2 25. Rxc2 Qa8 26. g5 Nxd5 27. exd5
Bxd5 28. Qxa6 Qb8 29. b5 Be6 30. Bf1 d5 31. Ba7 Qd8 32. Bb6 Qa8 33. Qxa8 Rxa8
34. Bc7 Bxg5 35. b6 Bc8 36. Bxe5 Bxd2 37. Rxd2 Bb7 38. Rc2 Rc8 39. Bc7 Kf8 40.
Re2 f6 41. h4 g6 42. f4 Re8 43. Rxe8+ Kxe8 44. Kf2 Kd7 45. Ke3 h6 46. Kd4 h5
47. Kc5 Kc8 48. Bb5 d4 49. Kd6 Be4 50. Bc6 1-0

[Event "Elitserien(Passanten-Astorp)"]
[Site "?"]
[Date "2004.??.??"]
[Round "1"]
[White "Sandklef, Ake"]
[Black "Loven, Anders"]
[Result "1/2-1/2"]
[WhiteElo "1938"]
[BlackElo "2128"]
[PlyCount "69"]

1. d4 d5 2. c4 dxc4 3. Nf3 Nf6 4. e3 e6 5. Bxc4 c5 6. O-O a6 7. a4 Nc6 8. Nc3
Qc7 9. Qe2 Bd6 10. Rd1 O-O 11. h3 e5 12. dxe5 Nxe5 13. Nxe5 Bxe5 14. Qc2 Re8
15. Nd5 Nxd5 16. Bxd5 Be6 17. e4 Rac8 18. Be3 g6 19. Rd2 b5 20. Rad1 c4 21.
Bxe6 Rxe6 22. Rd7 Qc6 23. axb5 axb5 24. R7d5 Bd6 25. Qd2 Bf8 26. f3 b4 27. Rc1
f5 28. e5 c3 29. bxc3 bxc3 30. Qd3 Qc4 31. Qxc4 Rxc4 32. Rc2 f4 33. Bf2 Bg7 34.
Bd4 Rec6 35. Rd8+ 1/2-1/2

[Event "Elitserien(Passanten-Astorp)"]
[Site "?"]
[Date "2004.??.??"]
[Round "1"]
[White "Ekelund, Peter"]
[Black "Olsson, Fredric"]
[Result "1/2-1/2"]
[WhiteElo "2121"]
[BlackElo "1712"]
[PlyCount "123"]

1. Nf3 d5 2. g3 Nf6 3. Bg2 g6 4. O-O Bg7 5. c4 O-O 6. cxd5 Nxd5 7. d4 Bg4 8.
Qb3 Nb6 9. h3 Be6 10. Qc2 c6 11. Rd1 Qc8 12. Kh2 h6 13. e4 Na6 14. a3 Nc7 15.
Nc3 a5 16. b3 a4 17. bxa4 Nc4 18. Rb1 Rd8 19. Ne2 g5 20. g4 b5 21. axb5 Nxb5
22. Ra1 Nbxa3 23. Bxa3 Nxa3 24. Qc5 Qb8+ 25. Ng3 Qb2 26. Nf5 Bxf5 27. gxf5 Nb5
28. Rxa8 Rxa8 29. Qxc6 Rb8 30. Rd2 Qc3 31. Qxc3 Nxc3 32. e5 f6 33. Rc2 Rc8 34.
e6 h5 35. Nd2 Rc7 36. Ne4 Nd5 37. Rxc7 Nxc7 38. Bf3 Nb5 39. d5 g4 40. hxg4 Nd4
41. Kg2 Bh6 42. Bd1 hxg4 43. Bxg4 Bf4 44. Kh3 Nb5 45. Bh5 Nd6 46. Nc5 Bd2 47.
Kg4 Kg7 48. Bg6 Nc4 49. Nb7 Bb4 50. Kf4 Nd6 51. Nd8 Bd2+ 52. Kf3 Kf8 53. Ke2
Bb4 54. Kd3 Bc5 55. f3 Bb6 56. Nc6 Bg1 57. Kc3 Bf2 58. Nb8 Bg1 59. Kb4 Bf2 60.
Nd7+ Kg7 61. Ka5 Bg1 62. Ka6 1/2-1/2

[Event "Elitserien(Wasa-Skara)"]
[Site "?"]
[Date "2004.??.??"]
[Round "1"]
[White "Gausel, Einar"]
[Black "Lyrberg, Patrik"]
[Result "1-0"]
[WhiteElo "2587"]
[BlackElo "2591"]
[PlyCount "155"]

1. d4 d5 2. Nf3 c6 3. c4 a6 4. Qc2 Nf6 5. Bf4 g6 6. c5 Bg7 7. Nbd2 Nh5 8. Bg5
h6 9. Bh4 g5 10. Bg3 Nxg3 11. hxg3 Nd7 12. e3 g4 13. Nh4 e6 14. Be2 Qg5 15. b4
O-O 16. Nb3 f5 17. a4 Nf6 18. Bd3 Ne4 19. O-O Bd7 20. Rae1 e5 21. Qb2 Rae8 22.
b5 axb5 23. axb5 exd4 24. Nxd4 Nxc5 25. Bc2 Rf7 26. bxc6 bxc6 27. Qb4 Ne4 28.
Bxe4 fxe4 29. Rc1 Rc8 30. Qb6 Qf6 31. Nb3 Bf8 32. Nc5 Be8 33. Qa6 Rb8 34. Qe2
h5 35. Rc2 Bd6 36. Rfc1 Ra7 37. Qd2 Ra1 38. Rc3 Rxc1+ 39. Rxc1 Rb2 40. Qe1 Be5
41. Rb1 Ra2 42. Rc1 Bd6 43. Qf1 Kg7 44. Nb3 Bd7 45. Nc5 Bc8 46. Qe1 Kf7 47. Qf1
Bxc5 48. Rxc5 Ba6 49. Qe1 Bb5 50. Rc1 Ke8 51. Rd1 Kd7 52. Rd2 Ra4 53. Rd1 Kc7
54. Qd2 Bd3 55. Rc1 Kb6 56. Rc3 Bc4 57. Rc2 Ra1+ 58. Kh2 Rb1 59. Rc3 c5 60. Ra3
Kb7 61. Qa5 Kc6 62. Qa8+ Rb7 63. Ra7 Qf7 64. Ng6 Kb6 65. Ne5 Qc7 66. Nxc4+ dxc4
67. Ra1 Kc6 68. Qa4+ Rb5 69. Qxc4 Kb6 70. Qxe4 c4 71. Qg6+ Kc5 72. Qxh5+ Kb6
73. Qg6+ Kc5 74. Qf5+ Kb6 75. Qf6+ Kc5 76. Qd4+ Kb4 77. Kg1 Qh7 78. e4 1-0

[Event "Elitserien(Wasa-Skara)"]
[Site "?"]
[Date "2004.??.??"]
[Round "1"]
[White "von Bahr, Oskar"]
[Black "Hillarp-Persson, Tiger"]
[Result "0-1"]
[WhiteElo "2382"]
[BlackElo "2564"]
[PlyCount "68"]

1. Nf3 g6 2. c4 Bg7 3. Nc3 d6 4. g3 e5 5. Bg2 Ne7 6. O-O c5 7. a3 Nbc6 8. d3
O-O 9. Bg5 f6 10. Be3 a5 11. Rb1 Rb8 12. Qd2 g5 13. Ne1 h6 14. Nc2 f5 15. Qd1
e4 16. Nd5 Nxd5 17. cxd5 Ne5 18. dxe4 f4 19. Bd2 h5 20. b4 axb4 21. axb4 h4 22.
gxf4 gxf4 23. Kh1 h3 24. Bf3 Nxf3 25. exf3 c4 26. Rg1 Kh7 27. b5 Bd7 28. Bb4
Be5 29. Na3 Rc8 30. Rc1 c3 31. Qd3 Qh4 32. Qe2 Rg8 33. Nc2 Rg2 34. Rgf1 Qg5 0-1

[Event "Elitserien(Wasa-Skara)"]
[Site "?"]
[Date "2004.??.??"]
[Round "1"]
[White "Djurhuus, Rune"]
[Black "Hellborg, Teodor"]
[Result "1-0"]
[WhiteElo "2578"]
[BlackElo "2365"]
[PlyCount "71"]

1. d4 Nf6 2. c4 e6 3. Nc3 Bb4 4. e3 c5 5. Bd3 Nc6 6. Nge2 d5 7. cxd5 exd5 8. a3
Bxc3+ 9. bxc3 Be6 10. O-O Qd7 11. f3 Bf5 12. e4 Bg6 13. e5 Ng8 14. f4 Bxd3 15.
Qxd3 c4 16. Qb1 f5 17. e6 Qxe6 18. Qxb7 Rb8 19. Qxg7 Qf7 20. Qxh8 Kd7 21. Ng3
Nge7 22. Qxb8 Nxb8 23. a4 Nec6 24. Rb1 Kc7 25. Ba3 Na5 26. Bd6+ Kxd6 27. Rxb8
Nc6 28. Rb2 h5 29. h4 Kc7 30. Rb5 Qe6 31. Kf2 Kd6 32. Re1 Qg6 33. Nf1 Qf6 34.
g3 Nxd4 35. cxd4 Qxd4+ 36. Ne3 1-0

[Event "Elitserien(Wasa-Skara)"]
[Site "?"]
[Date "2004.??.??"]
[Round "1"]
[White "Astrom, Goran"]
[Black "Ziegler, Ari"]
[Result "1-0"]
[WhiteElo "2298"]
[BlackElo "2433"]
[PlyCount "54"]

1. e4 e6 2. d4 d5 3. Nd2 Nf6 4. e5 Nfd7 5. f4 c5 6. c3 Nc6 7. Ndf3 Qb6 8. g3
Be7 9. Kf2 f6 10. Kg2 O-O 11. Bd3 cxd4 12. cxd4 g5 13. h3 gxf4 14. gxf4 Kh8 15.
Rh2 Nxd4 16. Be3 Bc5 17. Nxd4 Bxd4 18. Bxh7 fxe5 19. fxe5 Bxe3 20. Qh5 Rf2+ 21.
Kh1 Rxh2+ 22. Kxh2 Qxb2+ 23. Bc2+ Kg7 24. Qh7+ Kf8 25. Rf1+ Ke8 26. Qg8+ Nf8
27. Qxf8+ Kd7 1-0

[Event "Elitserien(Wasa-Skara)"]
[Site "?"]
[Date "2004.??.??"]
[Round "1"]
[White "Mohammadi, Amir"]
[Black "Collett, Peter"]
[Result "1/2-1/2"]
[WhiteElo "2272"]
[BlackElo "2243"]
[PlyCount "120"]

1. e4 e5 2. Nf3 Nc6 3. Bc4 Nf6 4. d3 Be7 5. Nc3 d6 6. a3 Bg4 7. Be3 Qd7 8. h3
Be6 9. Bxe6 fxe6 10. d4 exd4 11. Nxd4 Nxd4 12. Qxd4 c5 13. Qd3 Qc6 14. Bg5 O-O
15. O-O a6 16. Rad1 b5 17. Rfe1 Rad8 18. Qe2 Rfe8 19. e5 Nd5 20. Bxe7 Nxc3 21.
bxc3 Rxe7 22. exd6 Rxd6 23. Rxd6 Qxd6 24. Rd1 Qc6 25. Qd3 Rf7 26. Qd6 Qe4 27.
Qxc5 h6 28. Qc8+ Kh7 29. Qxa6 Qxc2 30. Rf1 Qxc3 31. Qxe6 Rf8 32. Qe4+ Kg8 33.
Qd5+ Kh8 34. Qxb5 Qxa3 35. Qe2 Qc5 36. Qe3 Qf5 37. Rc1 Qf6 38. Qg3 Qb2 39. Rc3
Qd2 40. Rf3 Qc1+ 41. Kh2 Rxf3 42. Qxf3 Qc7+ 43. Qg3 Qc1 44. Qe5 Qc2 45. Qf4 Qc5
46. g4 Qe7 47. Kg3 Qa3+ 48. Qe3 Qd6+ 49. f4 Qd1 50. h4 Qd7 51. Qf3 Qd4 52. g5
Kh7 53. Qe2 Qg1+ 54. Qg2 Qe3+ 55. Qf3 Qd4 56. Kh3 Qd7+ 57. Qg4 Qd3+ 58. Kh2
Qd2+ 59. Kh3 Qd3+ 60. Qg3 Qe4 1/2-1/2

[Event "Elitserien(Wasa-Skara)"]
[Site "?"]
[Date "2004.??.??"]
[Round "1"]
[White "Hallerod, Ralph"]
[Black "Andersson, Goran"]
[Result "1/2-1/2"]
[WhiteElo "2203"]
[BlackElo "2232"]
[PlyCount "31"]

1. d4 Nf6 2. c4 e6 3. Nc3 Bb4 4. e3 c5 5. Nge2 d5 6. a3 Bxc3+ 7. Nxc3 cxd4 8.
exd4 O-O 9. cxd5 Nxd5 10. Be2 b6 11. Nxd5 exd5 12. O-O Ba6 13. Bxa6 Nxa6 14.
Bf4 Nc7 15. Bxc7 Qxc7 16. Rc1 1/2-1/2

[Event "Elitserien(Wasa-Skara)"]
[Site "?"]
[Date "2004.??.??"]
[Round "1"]
[White "Eklund, Lars-Goran"]
[Black "Hedlund, Lars"]
[Result "1-0"]
[WhiteElo "2298"]
[BlackElo "2016"]
[PlyCount "80"]

1. Nf3 e6 2. c4 Nf6 3. Nc3 d5 4. d4 c6 5. e3 Nbd7 6. Qc2 Bd6 7. g4 h6 8. Rg1
Bb4 9. Bd2 Bxc3 10. Bxc3 Ne4 11. Bd3 Nxc3 12. Qxc3 dxc4 13. Bxc4 Nb6 14. Be2
Nd5 15. Qd2 Qb6 16. O-O-O Bd7 17. Ne5 Qb4 18. Qc2 Qe7 19. Kb1 a5 20. Rg3 a4 21.
Rf3 O-O 22. e4 Nb4 23. Qc5 Qxc5 24. dxc5 Be8 25. Rd4 Na6 26. Rxa4 f6 27. Nd3
Bg6 28. Re3 e5 29. b4 Rad8 30. f3 Rd4 31. Kb2 Rfd8 32. Kc3 Bf7 33. Nb2 Nc7 34.
Ra7 Rb8 35. a4 Ne6 36. Nc4 Nf4 37. Nd6 Nxe2+ 38. Rxe2 Be6 39. Rd2 Rxd2 40. Kxd2
b6 1-0

[Event "Elitserien(Wasa-Skara)"]
[Site "?"]
[Date "2004.??.??"]
[Round "1"]
[White "Nystrom, Ragnar"]
[Black "Svensson, Sven"]
[Result "0-1"]
[WhiteElo "1993"]
[BlackElo "2244"]
[PlyCount "52"]

1. e4 e5 2. Nf3 Nc6 3. Bc4 Bc5 4. c3 Nf6 5. d3 a6 6. b4 Ba7 7. a4 d6 8. h3 Be6
9. Nbd2 O-O 10. O-O Re8 11. Bb2 Bxc4 12. Nxc4 d5 13. exd5 Qxd5 14. Ne3 Bxe3 15.
fxe3 e4 16. Nd4 exd3 17. Qxd3 Ne5 18. Qe2 Qe4 19. Rf4 Qd3 20. Qf2 Ne4 21. Qe1
Nc4 22. Rd1 Qxe3+ 23. Qxe3 Nxe3 24. Re1 Nd6 25. Rf3 Nec4 26. Rb1 Nd2 0-1

[Event "Elitserien(Farsta-Kamraterna)"]
[Site "?"]
[Date "2004.??.??"]
[Round "1"]
[White "Svensson, Bengt"]
[Black "Hjelm, Niclas"]
[Result "1/2-1/2"]
[WhiteElo "2463"]
[BlackElo "2396"]
[PlyCount "113"]

1. e4 e5 2. Nf3 Nc6 3. Bb5 Nf6 4. Nc3 Bb4 5. O-O O-O 6. d3 d6 7. Bg5 Bxc3 8.
bxc3 Ne7 9. Nh4 Nd7 10. Bc4 Kh8 11. Qd2 Nb6 12. Bb3 f6 13. Be3 g5 14. Nf3 Ng6
15. d4 Qe7 16. Ne1 Be6 17. f3 Rad8 18. Nd3 Rg8 19. Kh1 Nc4 20. Qf2 b6 21. Rfe1
Nxe3 22. Qxe3 c5 23. Bxe6 Qxe6 24. d5 Qe7 25. c4 Rgf8 26. a4 f5 27. a5 Rb8 28.
Reb1 fxe4 29. Qxe4 Nf4 30. axb6 Nxd3 31. cxd3 Rxb6 32. Rxb6 axb6 33. Qg4 Qg7
34. Rb1 Qg6 35. Rxb6 Qxd3 36. h3 Qd1+ 37. Kh2 Qd4 38. Qxg5 Qxc4 39. Rxd6 Qf4+
40. Qxf4 Rxf4 41. Re6 Rd4 42. Rxe5 Kg7 43. d6 c4 44. Re7+ Kf6 45. Rxh7 Ke6 46.
Rc7 Kxd6 47. Rc8 Kd7 48. Ra8 c3 49. Ra1 c2 50. Rc1 Rd2 51. Kg3 Ke6 52. f4 Kf5
53. Kf3 Rd3+ 54. Kf2 Rd2+ 55. Kf3 Rd3+ 56. Ke2 Rg3 57. Rxc2 1/2-1/2

[Event "Elitserien(Farsta-Kamraterna)"]
[Site "?"]
[Date "2004.??.??"]
[Round "1"]
[White "Backelin, Rikard"]
[Black "Svenn, Gosta"]
[Result "1-0"]
[WhiteElo "2394"]
[BlackElo "2412"]
[PlyCount "85"]

1. e4 c5 2. Nf3 Nf6 3. Nc3 Nc6 4. Bb5 e6 5. O-O Be7 6. Bxc6 bxc6 7. Re1 O-O 8.
d3 Qc7 9. Bg5 e5 10. Nh4 d6 11. Qf3 Rb8 12. b3 h6 13. Bd2 Nh7 14. Qg3 Bg5 15.
f4 exf4 16. Bxf4 Bxf4 17. Qxf4 Be6 18. Nf3 Rfd8 19. Qe3 Bg4 20. Nd2 Re8 21. Na4
Qd7 22. Qg3 Be6 23. e5 dxe5 24. Qxe5 Qd4+ 25. Qe3 Bd5 26. Qf2 Nf6 27. c4 Be6
28. Nxc5 Qc3 29. h3 Rbd8 30. Rac1 Qa5 31. Nb7 Qxa2 32. Nxd8 Rxd8 33. Qe3 Bf5
34. Ne4 Bxe4 35. dxe4 Rd2 36. Qf3 Nh5 37. Rcd1 g6 38. Rxd2 Qxd2 39. Rd1 Qb4 40.
Rd7 Qe1+ 41. Kh2 f5 42. Rxa7 f4 43. Qg4 1-0

[Event "Elitserien(Farsta-Kamraterna)"]
[Site "?"]
[Date "2004.??.??"]
[Round "1"]
[White "Hamark, Jesper"]
[Black "Jaderberg, Bjorn"]
[Result "1-0"]
[WhiteElo "2305"]
[BlackElo "2275"]
[PlyCount "165"]

1. c4 Nf6 2. Nc3 c5 3. Nf3 g6 4. d4 cxd4 5. Nxd4 Bg7 6. e4 O-O 7. Be2 Nc6 8.
Nc2 d6 9. O-O Be6 10. Be3 Ne5 11. b3 Qa5 12. Bd2 Qb6 13. Be3 Qa5 14. Bd2 Qb6
15. Rc1 Nc6 16. Kh1 Qd8 17. f4 Qc8 18. Qe1 Bg4 19. Bd3 Nh5 20. Ne3 Bd7 21. Ncd5
e6 22. Bc3 exd5 23. Bxg7 Nxg7 24. cxd5 Qd8 25. dxc6 bxc6 26. Qg3 Nh5 27. Qf2
Qe7 28. Rce1 Nf6 29. Nc4 Be6 30. e5 dxe5 31. Nxe5 Qd6 32. Rd1 Ng4 33. Nxg4 Bxg4
34. Be2 Qe6 35. Bxg4 Qxg4 36. h3 Qf5 37. Rc1 Qf6 38. Qc5 Rfc8 39. f5 g5 40. Rc4
Rc7 41. Rd4 Re8 42. Rd6 Qe5 43. Rc1 Qxc5 44. Rxc5 Re2 45. f6 h6 46. h4 gxh4 47.
Rc4 Re5 48. Rg4+ Rg5 49. Rxh4 Kh7 50. Re4 c5 51. Re7 Rxe7 52. fxe7 Re5 53. Rd7
a6 54. Kg1 Kg7 55. Kf2 Re6 56. Ra7 Kf6 57. Rxa6 Kxe7 58. Rxe6+ Kxe6 59. Ke3 Kd5
60. a4 h5 61. Kf4 Kc6 62. Kg5 Kb6 63. Kxh5 Ka5 64. Kh6 Kb4 65. Kg7 Kxb3 66. a5
c4 67. a6 c3 68. a7 c2 69. a8=Q c1=Q 70. Qd5+ Kb4 71. Kxf7 Qf4+ 72. Ke7 Qh4+
73. Kd7 Qg4+ 74. Kc7 Qg7+ 75. Kc6 Kc3 76. Qf3+ Kd2 77. g4 Qh8 78. Kd6 Qd8+ 79.
Ke5 Qb8+ 80. Kf5 Qf8+ 81. Ke4 Qa8+ 82. Kf4 Qb8+ 83. Kg5 1-0

[Event "Elitserien(Farsta-Kamraterna)"]
[Site "?"]
[Date "2004.??.??"]
[Round "1"]
[White "Wallin, Dennis"]
[Black "Lindeman, Sven"]
[Result "1/2-1/2"]
[WhiteElo "2274"]
[BlackElo "2243"]
[PlyCount "95"]

1. d4 Nf6 2. Nf3 d5 3. c4 dxc4 4. Qa4+ c6 5. Qxc4 Bf5 6. Nc3 e6 7. g3 h6 8. Bg2
Nbd7 9. O-O Be7 10. b4 O-O 11. a4 Nb6 12. Qb3 Nbd5 13. Nxd5 cxd5 14. Ba3 Qb6
15. Rfc1 Bg4 16. e3 Rfc8 17. a5 Qd8 18. b5 Rxc1+ 19. Rxc1 a6 20. Bxe7 Qxe7 21.
b6 Ne8 22. Ne5 Be2 23. e4 dxe4 24. Bxe4 Rd8 25. Qe3 Bb5 26. Qf3 f6 27. Ng6 Qb4
28. Bxb7 Qxa5 29. Ne7+ Kf8 30. Nc6 Bxc6 31. Qxc6 Rd6 32. Qc8 Qxb6 33. Bc6 Qd8
34. Qxa6 f5 35. Qa3 Kf7 36. Qa7+ Kg6 37. h4 Nf6 38. Bf3 Rxd4 39. h5+ Kh7 40.
Re1 Qd6 41. Qf7 Ne4 42. Qg6+ Kh8 43. Qe8+ Kh7 44. Ra1 Qd8 45. Qg6+ Kh8 46. Qxe6
Qf8 47. Qc6 Rd2 48. Ra8 1/2-1/2

[Event "Elitserien(Farsta-Kamraterna)"]
[Site "?"]
[Date "2004.??.??"]
[Round "1"]
[White "Backlin, Stefan"]
[Black "Borvander, Tom"]
[Result "1/2-1/2"]
[WhiteElo "2120"]
[BlackElo "2240"]
[PlyCount "46"]
[EventDate "2004.??.??"]

1. b4 d5 2. Bb2 Nd7 3. Nf3 Ngf6 4. e3 e6 5. b5 Be7 6. c4 O-O 7. Nc3 c5 8. d4
dxc4 9. Bxc4 cxd4 10. Nxd4 Nc5 11. O-O e5 12. Nb3 Bg4 13. Qxd8 Rfxd8 14. Nxc5
Bxc5 15. Rac1 Rac8 16. Nb1 Re8 17. Nd2 Bb6 18. h3 Bf5 19. Nf3 Bc7 20. Rfd1 h6
21. a4 Be4 22. Nd2 Bf5 23. Nf3 Be4 1/2-1/2

[Event "Elitserien(Farsta-Kamraterna)"]
[Site "?"]
[Date "2004.??.??"]
[Round "1"]
[White "Haggstrom, Olle"]
[Black "Ong, Kevin"]
[Result "1/2-1/2"]
[WhiteElo "2218"]
[BlackElo "2028"]
[PlyCount "30"]

1. e4 c5 2. Nf3 d6 3. d4 cxd4 4. Nxd4 Nf6 5. f3 e5 6. Nb3 d5 7. Bg5 Be6 8. Bxf6
gxf6 9. exd5 Qxd5 10. Qxd5 Bxd5 11. Nc3 Be6 12. O-O-O Nc6 13. Nd5 Bh6+ 14. Kb1
O-O-O 15. Nc3 Rxd1+ 1/2-1/2

[Event "Elitserien(Sollentuna-Eksjo)"]
[Site "?"]
[Date "2004.??.??"]
[Round "1"]
[White "Vernersson, Per"]
[Black "Agrest, Evgenij"]
[Result "1-0"]
[WhiteElo "2493"]
[BlackElo "2711"]
[PlyCount "171"]

1. d4 Nf6 2. g3 g6 3. Bg2 Bg7 4. Nf3 O-O 5. O-O d6 6. c4 Nbd7 7. Nc3 a6 8. e4
c5 9. Re1 cxd4 10. Nxd4 Nc5 11. h3 Bd7 12. Be3 Rc8 13. Rc1 Qa5 14. Nb3 Nxb3 15.
axb3 Bc6 16. Ra1 Qd8 17. Bd4 Nd7 18. Bxg7 Kxg7 19. Qd4+ Kg8 20. b4 b5 21. c5
dxc5 22. bxc5 e5 23. Qd6 b4 24. Nd5 Bxd5 25. exd5 Nxc5 26. Qxd8 Rcxd8 27. Rxe5
Rd6 28. Re7 Ra8 29. Rc7 Nb3 30. Re1 a5 31. Ree7 Rf8 32. Ra7 Rf6 33. Re3 Nd2 34.
Rd3 Nc4 35. b3 Nd6 36. Rxa5 Rc8 37. Bf3 Kg7 38. Ra6 Rc3 39. Rxc3 bxc3 40. Bd1
Nb5 41. Rc6 Rf5 42. Rc5 Nd6 43. Bc2 Re5 44. Kf1 Nb7 45. Rxc3 Rxd5 46. Be4 Rb5
47. Bxb7 Rxb7 48. Ke2 Kf6 49. Re3 Ra7 50. Kd3 Rc7 51. b4 Rc8 52. Kd4 Rb8 53.
Rb3 Ke6 54. b5 Kd6 55. b6 Rb7 56. h4 h5 57. Ke4 f6 58. Kf4 Kd7 59. f3 Kc8 60.
g4 hxg4 61. fxg4 Rd7 62. b7+ Kb8 63. Rb4 Rd5 64. Rb6 Rd4+ 65. Kf3 Rd1 66. g5
fxg5 67. hxg5 Rg1 68. Rxg6 Kxb7 69. Rg7+ Kc8 70. Kf4 Rf1+ 71. Ke5 Kd8 72. Ke6
Re1+ 73. Kf6 Rf1+ 74. Kg6 Ke8 75. Ra7 Kf8 76. Ra8+ Ke7 77. Kh6 Rh1+ 78. Kg7 Rg1
79. g6 Rg2 80. Kh7 Rh2+ 81. Kg8 Rg2 82. g7 Rg1 83. Ra4 Rg2 84. Ra1 Rh2 85. Re1+
Kd7 86. Re4 1-0

[Event "Elitserien(Sollentuna-Eksjo)"]
[Site "?"]
[Date "2004.??.??"]
[Round "1"]
[White "Berg, Emanuel"]
[Black "Schussler, Harry"]
[Result "1-0"]
[WhiteElo "2603"]
[BlackElo "2475"]
[PlyCount "115"]

1. e4 e5 2. Nf3 Nf6 3. Nxe5 d6 4. Nf3 Nxe4 5. d4 d5 6. Bd3 Nc6 7. O-O Be7 8. c4
Nf6 9. h3 O-O 10. Nc3 Nb4 11. c5 b6 12. Be3 bxc5 13. dxc5 d4 14. Bxd4 Nxd3 15.
Qxd3 Bxc5 16. Rfd1 Bxd4 17. Nxd4 c5 18. Nc6 Qxd3 19. Rxd3 Bb7 20. Na5 Rab8 21.
Rc1 Rfc8 22. Na4 Bd5 23. b3 Rb5 24. Nc4 Bxc4 25. Rxc4 Kf8 26. Rdc3 Nd7 27. b4
Nb6 28. Nxb6 Rxb6 29. Rxc5 Rxc5 30. Rxc5 Rxb4 31. Rc8+ Ke7 32. Rc7+ Ke6 33.
Rxa7 Rb1+ 34. Kh2 Rb2 35. Kg3 h5 36. h4 g6 37. Ra3 Kf6 38. Rf3+ Ke6 39. Re3+
Kf5 40. a3 Ra2 41. Kf3 f6 42. Rb3 Ke5 43. Kg3 Kf5 44. Rf3+ Ke5 45. Re3+ Kf5 46.
f4 Rc2 47. Kf3 Rc5 48. a4 Rc4 49. Ra3 Rxf4+ 50. Kg3 Rg4+ 51. Kh3 Rd4 52. a5 Rd7
53. Kg3 Ra7 54. a6 Ke4 55. Ra4+ Ke3 56. Ra1 Ke4 57. Ra3 Ke5 58. Kf3 1-0

[Event "Elitserien(Sollentuna-Eksjo)"]
[Site "?"]
[Date "2004.??.??"]
[Round "1"]
[White "Rothen, Hakan"]
[Black "Dzevlan, Miralem"]
[Result "1/2-1/2"]
[WhiteElo "2351"]
[BlackElo "2464"]
[PlyCount "103"]
[EventDate "2004.??.??"]

1. Nf3 g6 2. d4 Nf6 3. Nc3 d5 4. Bf4 Bg7 5. Qd2 Ne4 6. Nxe4 dxe4 7. Ne5 f6 8.
Nc4 Qd5 9. Ne3 Qc6 10. c4 g5 11. Bg3 f5 12. Nd5 f4 13. Bxf4 gxf4 14. Qxf4 Na6
15. e3 Qg6 16. Be2 c6 17. Qh4 Bf6 18. Nxf6+ Qxf6 19. Bh5+ Kf8 20. Qxe4 Bf5 21.
Qf3 Kg7 22. O-O Rhf8 23. e4 Bg6 24. Qxf6+ exf6 25. Bxg6 hxg6 26. a3 Rfe8 27.
Rfe1 Rad8 28. Rad1 Nc7 29. f3 a5 30. Kf2 a4 31. Re3 Ne6 32. Red3 c5 33. dxc5
Rxd3 34. Rxd3 Nxc5 35. Rd5 b6 36. Ke3 Kf7 37. Kd4 Ke6 38. Kc3 Rh8 39. h3 Ra8
40. h4 f5 41. exf5+ gxf5 42. g4 fxg4 43. fxg4 Rf8 44. Rf5 Rd8 45. Rf3 Ne4+ 46.
Kb4 Rd2 47. b3 axb3 48. Rxb3 Rg2 49. Kb5 Nd6+ 50. Kxb6 Nxc4+ 51. Kc5 Nxa3 52.
Re3+ 1/2-1/2